| 000 | 00906nam a2200253 i 4500 | ||
|---|---|---|---|
| 001 | 7381 | ||
| 003 | ES-MaACL | ||
| 005 | 20240427063103.0 | ||
| 007 | t| | ||
| 008 | 901218s1990 sp ||||1| spa d | ||
| 020 | _a84-7658-236-6 | ||
| 080 | _a86(Valle Inclan,R. del 1.06) | ||
| 100 | 0 |
_aGonzález del Valle, Luis, _d1946- _958593 |
|
| 245 | 1 | 3 |
_aLa Ficcion breve de Valle-Inclan _b: hermeneutica y estrategias narrativas / _cLuis T. Gonzalez del Valle. |
| 250 | _a1a ed. | ||
| 260 |
_aBarcelona : _bAnthropos, _c1990. |
||
| 300 |
_a376 p. ; _c20 cm. |
||
| 490 | 1 |
_aAutores, textos y temas. Literatura ; _v10 |
|
| 504 | _aBibliogr.: p. 331-369. | ||
| 600 | 1 | 4 |
_aValle-Inclán, Ramón del, _d1866-1936- _xCrítica e interpretación _9112800 |
| 830 | 0 |
_aAutores, textos y temas. Literatura ; _v10 _9177410 |
|
| 852 |
_aES-MaACL _jL-14678 _bR.118655 _z. - rust. |
||
| 999 |
_c7381 _d7381 |
||